№ 4: [сборник]; Труды Ленинградского индустриального института

Λεπτομέρειες βιβλιογραφικής εγγραφής
Parent link:Труды Ленинградского индустриального института: [сборник]/ Ленинградский индустриальный институт (ЛИИ). № 4.— , 1936-1940
Συγγραφή απο Οργανισμό/Αρχή: Ленинградский индустриальный институт (ЛИИ)
Γλώσσα:Ρωσικά
Αγγλικά
Έκδοση: Ленинград, ОНТИ, 1938
Σειρά:Раздел энергомашиностроения и теплотехники Вып. 1
Θέματα:
Μορφή: Βιβλίο
KOHA link:https://koha.lib.tpu.ru/cgi-bin/koha/opac-detail.pl?biblionumber=352948

MARC

LEADER 00000nam2a2200000 4500
001 352948
005 20231102010539.0
035 |a (RuTPU)RU\TPU\retro\9867 
035 |a RU\TPU\retro\9863 
090 |a 352948 
100 |a 20200221d1938 k y0rusy50 ca 
101 0 |a rus  |a eng 
102 |a RU 
200 0 |a № 4  |e [сборник] 
210 |a Ленинград  |c ОНТИ  |d 1938 
215 |a 61 с. 
225 1 |a Раздел энергомашиностроения и теплотехники  |v Вып. 1 
461 1 |0 (RuTPU)RU\TPU\retro\9681  |t Труды Ленинградского индустриального института  |o [сборник]  |f Ленинградский индустриальный институт (ЛИИ)  |v № 4  |d 1936-1940 
517 1 |a Transactions of the Leningrad Industrial Institute 
606 1 |a Энергомашиностроение  |2 stltpush  |3 (RuTPU)RU\TPU\subj\21347  |9 46362 
606 1 |a Теплотехника промышленная  |2 stltpush  |3 (RuTPU)RU\TPU\subj\59807  |9 77305 
610 1 |a газы 
610 1 |a истечение 
610 1 |a ступени 
610 1 |a поршневой компрессор 
610 1 |a сжатие 
610 1 |a поршневые усилия 
610 1 |a турбомашины 
610 1 |a валы 
610 1 |a расчеты 
610 1 |a прочно-плотные соединения 
610 1 |a стойкость 
610 1 |a изучение 
610 1 |a электродвижущие силы 
712 0 2 |a Ленинградский индустриальный институт (ЛИИ)  |c (1934-1940)  |2 stltpush  |3 (RuTPU)RU\TPU\col\16262 
801 1 |a RU  |b 63413507  |c 20160623 
801 2 |a RU  |b 63413507  |c 20200208  |g RCR 
801 2 |a RU  |b 63413507  |c 20220414  |g RCR 
942 |c BK